Tribhuvan University Central Library

Cropping systems study of Handetar Irrigation System command area (Record no. 2066)

MARC details
000 -LEADER
fixed length control field 007720000a22002530004500
082 ## - DEWEY DECIMAL CLASSIFICATION NUMBER
Classification number 631.7
Item number Ir7c
-- N
041 ## - LANGUAGE CODE
Language code of text/sound track or separate title Eng
110 ## - MAIN ENTRY--CORPORATE NAME
Corporate name or jurisdiction name as entry element Ministry of Water Resource, Dept. of Irrigation, Irrigation Management Project, Nepal
245 ## - TITLE STATEMENT
Title Cropping systems study of Handetar Irrigation System command area
260 ## - PUBLICATION, DISTRIBUTION, ETC. (IMPRINT)
Place of publication, distribution, etc Pokhara
Name of publisher, distributor, etc Irrigation Management Centre, Nepal
260 ## - PUBLICATION, DISTRIBUTION, ETC. (IMPRINT)
Date of publication, distribution, etc 1990
300 ## - PHYSICAL DESCRIPTION
Extent xii,93p.
Other physical details diagrms.,tables
440 ## - SERIES STATEMENT/ADDED ENTRY--TITLE
Title IMC Applied study report
-- 12
518 ## - DATE/TIME AND PLACE OF AN EVENT NOTE
Date/time and place of an event note 940118
530 ## - ADDITIONAL PHYSICAL FORM AVAILABLE NOTE
Additional physical form available note Rep
650 ## - SUBJECT ADDED ENTRY--TOPICAL TERM
Topical term or geographic name as entry element Irrigation systems
650 ## - SUBJECT ADDED ENTRY--TOPICAL TERM
Topical term or geographic name as entry element Cultivation systems
650 ## - SUBJECT ADDED ENTRY--TOPICAL TERM
Topical term or geographic name as entry element Studies reports
651 ## - SUBJECT ADDED ENTRY--GEOGRAPHIC NAME
Geographic name Nepal
651 ## - SUBJECT ADDED ENTRY--GEOGRAPHIC NAME
Geographic name Handetar
650 ## - SUBJECT ADDED ENTRY--TOPICAL TERM
Topical term or geographic name as entry element Handetar Irrigation System Command Area
650 ## - SUBJECT ADDED ENTRY--TOPICAL TERM
Topical term or geographic name as entry element Irrigation Management Project
942 ## - ADDED ENTRY ELEMENTS (KOHA)
Koha item type General Collections
Holdings
Withdrawn status Lost status Damaged status Not for loan Home library Current library Date acquired Total Checkouts Barcode Date last seen Price effective from
        Tribhuvan University Central Library Tribhuvan University Central Library 06/20/2010   G35587 06/20/2010 06/20/2010